1452 1717 1352 1852 1359 1689 1169 1394 1684 1179 1329 1163 1524 1599 1247 1015 1590 1635 1701 1705 1549 1465 1570 1857 1760 1023 1712 1970 1418 1947 1006 1365 1694 1539 1486 1454 1638 1753 1780 1462 1646 1629 1674 1595 1167 1757 1503 1770 1121 1591 1552 1642 1965 1398 1004 1283 1346 1008 1511 1110 1145 1852 1990 1845 1930 1718 1481 1673 1755 1190 1931 1409 1386 1296 1021 1575 1275 1815 1047 1375 1094 1459 1452 1022 1202 1966 1687 1409 1792 1971 1112 1980 1971 1652 1453 1996 1118 1124 1587 BCNSPRNW ULIB Ver.6.0+V

เปลี่ยนเป็นภาษาไทย

Change to English
 แสดงรายละเอียดบรรณานุกรม
  กลับหน้าหลัก

Brief Record : Get Marc (ISO 2709) : E-mail record : QR code < ปิดหน้าต่าง
LEADER : 00000nam 2200000uu 4500
001    13399112213
003     ULIB
008    110627s2541||||th 000 0 tha d
060  4 WY85^bพ581ภ 2541
100 0  พูนพิลาศ โรจนสุพจน์
245 00 ภาพลักษณ์พยาบาลของสาธารณชน/^cพูนพิลาศ โรจนสุพจน์
260    เชียงใหม่ :^bมหาวิทยาลัยเชียงใหม่,^c2541
300    103 หน้า
650  7 พยาบาล^xจรรยาบรรณ^xวิจัย
650  7 พยาบาล^xจริยธรรม^xวิจัย
945    ^p0^l0^i013215
995    ทศพร
999 ^a ใช้งานได้ทุกระบบ
รายการนี้ยังไม่มีแท็ก
คุณยังไม่ได้ล็อกอิน คุณสามารถมีกิจกรรมร่วมกับเว็บไซต์ได้ แต่ต้องล็อกอินก่อน ::
  ล็อกอิน

รายการสื่อสารสนเทศ

ลำดับที่ ประเภท เลขเรียก/บาร์โค้ด สถานที่ สถานะ
- ไม่พบข้อมูล -

BibComment


ยังไม่เคยถูกคอมเมนท์

คอมเมนท์ทรัพยากรรายการนี้
  คอมเมนท์: ภาพลักษณ์พยาบาลขอ..


 Copyright 2026. Bcnsprnw @Library